Estadísticas para Islas mas grandes de España

Haz click aquí para intentar la prueba.

Estadísticas generales

  • Esta prueba ha sido intentada 51 veces
    (47 desde el último reinicio)
  • La puntuación promedio es 9 de 10

Estadísticas de respuestas

Isle% Correcto
Menorca
100%
Majorca/ Mallorca
98%
Gran Canaria
96%
Tenerife
96%
Ibiza
94%
Fuerteventura
87%
La Palma
87%
El Hierro
85%
Lanzarote
85%
La Gomera
77%

Distribución de puntuación

Porcentaje por número respondido

Porcentaje de gente con cada puntuación

Historial de tus puntuaciones

No has intentado esta prueba desde el último reinicio